000 00869nam a2200253 a 4500
003 DO-SdBNP
005 20220512101210.0
007 ta
008 220512e2018 dr ac||fr|||| 001 0dspa d
040 _aDO-SdBNP
_bspa
_cBNPHU
082 4 _222
_bG215b
245 1 0 _aEstructura:
_bbitácora de un ingeniero /
_cReginald García Muñoz; Fotografía, William Vásquez
260 _aSanto Domingo :
_bSerigraf,
_c2018
300 _a435 p. :
_bil., fotogr.
_c28 cm.
500 _aIncluye datos biográficos del autor, p.402- 423
504 _aBibliografía: p. 428
590 _aInventariado 2022 / MF
650 4 _96896
_aIngeniería de Estructuras
_zRepública Dominicana
650 4 _96894
_aDiseño en Ingeniería
650 0 _970862
_aIngeniería Civil
_xRepública Dominicana
700 1 _980855
_aVásquez, William,
_efotogr.
910 _aMFeliz
942 _2ddc
_cLBS1
999 _c51705
_d51705